| 000 | 01030nam a2200253 a 4500 | ||
|---|---|---|---|
| 001 | 000312095 | ||
| 003 | AM-YeHGA | ||
| 005 | 20250618072006.0 | ||
| 008 | 040225s1970 ai |||||r|||||||||0|arm|d | ||
| 040 | _aAM-YeHGA | ||
| 041 | 1 |
_aarm _hrus |
|
| 080 | _aP2 | ||
| 090 | _aՍ-92 | ||
| 245 | 1 | 0 |
_aՔո ընկեր Վոլոդյա Ուլյանովը : _b[Պատմվածքներ] / _cԼ.Դ. Սուզան ; Թարգմ.՝ Գ. Վիրապյան ; Խմբ.՝ Վ.Հ. Բաբայան ; Նկ.՝ Տ.Հ. Մանուկյան. |
| 260 |
_aԵրևան : _bՀայաստան, _c1970. |
||
| 300 |
_a38 էջ : _bնկ. ; _c16 սմ. |
||
| 600 | 1 | 0 |
_aԼենին, Վլադիմիր Իլյիչ, _d1870-1924 _95803 |
| 650 | 1 | 0 |
_aՌուս գրականություն _xՊատմվածք _94645 |
| 700 | 1 |
_aՎիրապյան, Գևորգ Վահանի, _d1917-1977 _eթարգմ. _4trl |
|
| 700 | 1 |
_aԲաբայան, Վարդգես Հակոբի, _d1925-2005 _eխմբ. _4edt _91703 |
|
| 700 | 1 |
_aՄանուկյան, Տ.Հ. _eնկ. _4art |
|
| 942 |
_2udc _cBK |
||
| 090 | _c116894 | ||
| 999 |
_c115550 _d115550 |
||